| 000 | 00756nam a2200253Ia 4500 | ||
|---|---|---|---|
| 003 | OSt | ||
| 005 | 20220927105550.0 | ||
| 006 | a|||||r|||| 00| 0 | ||
| 007 | ta | ||
| 008 | 220926b |||||||| |||| 00| 0 eng d | ||
| 024 | _a177103 | ||
| 037 | _cReference Collections | ||
| 040 |
_aRTL _cRTL _beng |
||
| 041 |
_2eng _aeng |
||
| 082 | _a"V2,31p.N82, M2.121-22/GD" | ||
| 110 |
_a"INDIA, RAJYA SABHA" _9373339 |
||
| 245 | 0 |
_aParliamentary debates _b Official report. |
|
| 260 |
_aNew _bDelhi Rajya Sabha Secretariat India _c1982 |
||
| 300 |
_a"i, 320p." _ccm. |
||
| 490 | _v"Vol.121, no.22" | ||
| 700 |
_a"INDIA, RAJYA SABHA" _9373340 |
||
| 942 |
_h"V2,31p.N82, M2.121-22/GD" _cCC |
||
| 999 |
_c693136 _d693136 |
||